Statistics for Diplomatic Missions of Nauru

Click here to take the quiz!

General Stats

  • This quiz has been taken 48 times
  • The average score is 7 of 10

Answer Stats

MissionAnswer% Correct
Australia
97%
High CommissionCanberra
97%
Permanent MissionNew York City
85%
Consulate GeneralBrisbane
79%
Fiji
79%
High CommissionSuva
76%
EmbassyTaipei
64%
Taiwan
64%
Consulate GeneralBangkok
21%
Thailand
21%

Score Distribution

Percentile by Number Answered

Percent of People with Each Score

Your Score History

You have not taken this quiz